| 000 | 00827nam a2200229 a 4500 | ||
|---|---|---|---|
| 001 | 000026796 | ||
| 005 | 20251120073733.0 | ||
| 008 | 110325t1981 dr abdf 001 0 spa d | ||
| 040 |
_aDO-SdBNP _bspa _cBNPHU |
||
| 082 |
_a972.93 _bP376v, 1981 |
||
| 100 | 1 |
_aPeguero, Valentina _945358 |
|
| 245 | 1 | 0 |
_aVisión general de la historia dominicana / _cValentina Peguero, Danilo de los Santos. |
| 250 | _a[4a. ed.] | ||
| 260 |
_aSantiago de los Caballeros : _bUCMM, _c1981. |
||
| 300 |
_a154 p. : _bil., gráfcs., mapas, retrs. ; _c23 cm. |
||
| 500 | _aIncluye índice | ||
| 590 | _aInventariado, 2020/MF | ||
| 651 | 4 |
_aRepública Dominicana _xHistoria _9170 |
|
| 700 | 1 |
_aSantos, Danilo de los, _d1943-2018 _910278 |
|
| 710 | 2 |
_aPontificia Universidad Católica Madre y Maestra _9843 |
|
| 910 | _aValidado. Control de calidad EMS | ||
| 999 |
_c26288 _d26288 |
||